Loading...

International review science .V.7 .carbohydrares

Bibliographic Details
Main Author: Aspinall, G O
Format: Printed Book
Language:Undetermined
English
Published: London Butter Worths 1978
Subjects:
LEADER 00587nam a2200181Ia 4500
008 140306s9999 xx 000 0 und d
041 |a eng 
082 |a 547  |b ASP/IN 
100 |a Aspinall, G O 
245 |a International review science .V.7 .carbohydrares 
260 |a London  |b Butter Worths  |c 1978 
300 |a 323 
365 |b Rs .107 .00 
440 |v Organic Chemistry Series 
650 |a Organic chemistry 
942 |2 ddc  |c BK 
999 |c 121581  |d 121581 
952 |0 0  |1 0  |2 ddc  |4 0  |6 547_000000000000000_ASPIN  |7 0  |9 120964  |a KAUHCV  |b KAUHCV  |d 2004-05-12  |g 107.00  |o 547 ASP/IN  |r 2014-03-22  |w 2014-03-22  |y BK